All Monaco Grand Prix F1 Winners - Statistics

General Stats
  • This quiz has been taken 24 times
  • The average score is 43 of 72
Answer Stats
Hint Answer % Correct
2024 Charles Leclerc
100%
2025 Lando Norris
100%
2023 Max Verstappen
100%
2021 Max Verstappen
100%
2019 Lewis Hamilton
95%
2016 Lewis Hamilton
95%
2008 Lewis Hamilton
95%
2017 Sebastian Vettel
91%
2011 Sebastian Vettel
91%
2007 Fernando Alonso
86%
2006 Fernando Alonso
86%
1983 Keke Rosberg
86%
2015 Nico Rosberg
86%
2014 Nico Rosberg
86%
2013 Nico Rosberg
86%
2022 Sergio Perez
86%
2018 Daniel Ricciardo
82%
2005 Kimi Räikkönen
82%
2001 Michael Schumacher
77%
1999 Michael Schumacher
77%
1997 Michael Schumacher
77%
1995 Michael Schumacher
77%
1994 Michael Schumacher
77%
1993 Ayrton Senna
73%
1992 Ayrton Senna
73%
1991 Ayrton Senna
73%
1990 Ayrton Senna
73%
1989 Ayrton Senna
73%
1987 Ayrton Senna
73%
2009 Jenson Button
73%
1969 Graham Hill
68%
1968 Graham Hill
68%
1965 Graham Hill
68%
1964 Graham Hill
68%
1963 Graham Hill
68%
1957 Juan Manuel Fangio
68%
1950 Juan Manuel Fangio
68%
1998 Mika Hakkinen
68%
1976 Niki Lauda
68%
1975 Niki Lauda
68%
1988 Alain Prost
64%
1986 Alain Prost
64%
1985 Alain Prost
64%
1984 Alain Prost
64%
1973 Jackie Stewart
50%
1971 Jackie Stewart
50%
1966 Jackie Stewart
50%
2002 David Coulthard
45%
2000 David Coulthard
45%
1981 Gilles Villeneuve
45%
1961 Stirling Moss
45%
1960 Stirling Moss
45%
1956 Stirling Moss
45%
1959 Jack Brabham
41%
1979 Jody Scheckter
32%
1977 Jody Scheckter
32%
2012 Mark Webber
32%
2010 Mark Webber
32%
1967 Denny Hulme
27%
1970 Jochen Rindt
27%
2003 Juan Pablo Montoya
27%
2004 Jarno Trulli
23%
1996 Olivier Panis
23%
1962 Bruce Mclaren
18%
1980 Carlos Reutemann
18%
1972 Jean-Pierre Beltoise
18%
1958 Maurice Trintignant
18%
1955 Maurice Trintignant
18%
1978 Patrick Depailler
18%
1982 Riccardo Patrese
18%
1974 Ronnie Peterson
14%
1952 Vittorio Marzotto
5%
No matching quizzes found
Score Distribution
Percent of People with Each Score
Percentile by Number Answered
Your Score History
You have not taken this quiz